[Event "Match"]
[Site "www.echecsemail.com"]
[Date "2015.07.30"]
[Round "1"]
[White "Pare123"]
[Black "Orae"]
[WhiteElo "2030"]
[BlackElo "1969"]
[Result "1-0"]
[Round "1"]
1.c4 e5
2.Nb1c3 Bf8c5
3.e3 Ng8f6
4.d3 Bc5b4
5.Bc1d2 Nb8c6
6.a3 Bb4xc3
7.Bd2xc3 d5
8.cxd5 Qd8xd5
9.Ng1f3 Bc8g4
10.Bf1e2 O-O-O
11.e4 Qd5c5
12.Qd1c2 Bg4xf3
13.Be2xf3 h5
14.O-O h4
15.h3 g5
16.Qc2e2 Rd8d6
17.Ra1c1 Rh8d8
18.Bc3b4 Qc5b5
19.Bb4xd6 Rd8xd6
20.Rf1d1 Nc6d4
21.Bf3g4 Kb8
22.Qe2d2 Nd4b3
23.Qd2xg5 Nb3xc1
24.Qg5xc1 Rd6xd3
25.Rd1xd3 Qb5xd3
26.Qc1h6 Qd3b1
27.Kh2 Nf6xg4
28.hxg4 b5
29.Qh6h8 Kb7
30.Qh8xe5 a6
31.f4 Qb1e1
32.Qe5d5 Kc8
33.Qd5d3 c5
34.e5 c4
35.Qd3c3 Qe1f2
36.Kh3 Qf2xf4
37.Kxh4 Qf4h6
38.Kg3 Kd7
39.Qc3d4 Ke8
40.Qd4a7 Qh6g6
41.Qa7b8 Kd7
42.Qb8b7 Kd8
43.Qb7d5 Kc8
44.Kf3 a5
45.Qd5xb5 Qg6d3
46.Kf4 Qd3d2
47.Kf5 Qd2d3
48.Kf6 Qd3g6
49.Ke7 Qg6e6
50.Kf8 Qe6h6
51.Kxf7 Qh6h7
52.Ke6 Qh7g8
53.Kd6 Qg8f8
54.Kd5 Qf8d8
55.Kxc4 Qd8g8
56.Kc3 Qg8xg4
57.Qb5c4 { resign }
1-0

[Event "Match"]
[Site "www.echecsemail.com"]
[Date "2015.07.30"]
[Round "1"]
[White "Generalfree"]
[Black "Jhw"]
[WhiteElo "1890"]
[BlackElo "1779"]
[Result "0-1"]
[Round "1"]
1.e4 e5
2.Bf1c4 Ng8f6
3.d3 c6
4.Bc1e3 g6
5.Ng1f3 Nf6g4
6.Qd1d2 b5
7.Bc4b3 c5
8.Nb1c3 b4
9.Nc3d5 Bc8b7
10.Nf3xe5 Ng4xe5
11.Be3g5 Qd8c8
12.Bg5f6 Ne5xd3
13.cxd3 Rh8g8
14.Nd5f4 Bf8h6
15.g3 Qc8c6
16.Bf6e5 Nb8a6
17.Bb3d5 Qc6c8
18.Bd5xb7 Qc8xb7
19.O-O-O Qb7c6
20.b3 g5
21.Nf4h5 g4
{ resign }
0-1

[Event "Eq:chess tigers-Angolana Scacchi : "]
[Site "www.chess-mail.com"]
[Date "2015.07.30"]
[Round "1"]
[White "Julianlore"]
[Black "Capitaine"]
[WhiteElo "2560"]
[BlackElo "2450"]
[Result "1-0"]
[Round "1"]
1.e4 c5
2.Ng1f3 d6
3.d4 cxd4
4.Nf3xd4 Ng8f6
5.Nb1c3 g6
6.Bf1e2 Bf8g7
7.O-O O-O
8.Bc1e3 Nb8c6
9.Nd4b3 Bc8e6
10.f4 Be6xb3
11.axb3 a6
12.Be2f3 Qd8c7
13.Nc3d5 Nf6xd5
14.exd5 Nc6b4
15.c3 Nb4xd5
16.Qd1xd5 b5
17.b4 e6
18.Qd5c6 { resign }
1-0

[Event "Match"]
[Site "www.echecsemail.com"]
[Date "2015.07.31"]
[Round "1"]
[White "Gmscalpel"]
[Black "Pariolinius"]
[WhiteElo "1809"]
[BlackElo "1790"]
[Result "1-0"]
[Round "1"]
1.e4 c5
2.Ng1f3 Nb8c6
3.Bf1b5 a6
4.Bb5xc6 bxc6
5.O-O d6
6.e5 Bc8g4
7.h3 Bg4h5
8.d3 d5
9.e6 fxe6
10.g4 Bh5g6
11.Nf3e5 Qd8c7
12.Bc1f4 Qc7b7
13.Nb1c3 Ng8f6
14.Nc3a4 Qb7b4
15.c4 Ra8c8
16.Bf4d2 Qb4b7
17.Na4xc5 Qb7c7
18.Rf1e1 Rc8a8
19.Nc5xe6 Qc7d6
20.Bd2f4 Nf6d7
21.Ne5xg6 { resign }
1-0

[Event "Match"]
[Site "www.echecsemail.com"]
[Date "2015.07.31"]
[Round "1"]
[White "Ostapbender"]
[Black "Manolinex"]
[WhiteElo "2710"]
[BlackElo "2700"]
[Result "1/2-1/2"]
[Round "1"]
1.e4 c5
2.Ng1f3 d6
3.Bf1b5 Nb8d7
4.c3 Ng8f6
5.Qd1e2 a6
6.Bb5a4 b5
7.Ba4c2 Bc8b7
8.d4 cxd4
9.cxd4 e6
10.O-O Bf8e7
11.Nb1d2 O-O
12.Rf1e1 Ra8c8
13.Bc2d3 Rf8e8
14.a4 bxa4
15.Ra1xa4 e5
16.Bd3xa6 Bb7xa6
17.Qe2xa6 d5
18.Nf3xe5 Nd7b6
19.Ra4a5 dxe4
20.Ra5b5 Nf6d5
21.Qa6a2 Be7b4
22.Ne5xf7 Qd8d7
23.Nf7h6 Kh8
24.Rb5xb4 Nd5xb4
25.Nh6f7 Kg8
26.Nf7h6 { draw }
1/2-1/2

[Event "Match"]
[Site "www.echecsemail.com"]
[Date "2015.07.31"]
[Round "1"]
[White "Culiflori"]
[Black "Harrytheking"]
[WhiteElo "999"]
[BlackElo "1770"]
[Result "1-0"]
[Round "1"]
1.e4 b6
2.d4 Bc8a6
3.Bf1xa6 Nb8xa6
4.Ng1f3 d6
5.Nb1c3 e6
6.O-O h6
7.a3 Ng8e7
8.Qd1d3 Qd8c8
9.Bc1f4 Ne7g6
10.Bf4g3 c6
11.d5 Na6c5
12.Qd3d4 e5
13.Qd4d1 Bf8e7
14.dxc6 Qc8xc6
15.Nc3d5 Be7d8
16.Rf1e1 O-O
17.b4 Nc5a4
18.Ra1b1 Na4c3
19.Nd5xc3 Qc6xc3
20.Rb1b3 Qc3c7
21.Qd1d5 Ra8c8
22.Re1c1 Ng6e7
23.Qd5d3 Qc7b7
24.c4 b5
25.Rb3c3 bxc4
26.Rc3xc4 Bd8b6
27.Qd3xd6 f6
28.Qd6e6 Kh8
29.h3 Rf8e8
30.Rc4xc8 Re8xc8
31.Rc1xc8 Ne7xc8
32.Nf3h4 Nc8e7
33.a4 Bb6d8
34.Qe6c4 Kh7
35.f3 Bd8b6
36.Bg3f2 Bb6xf2
37.Kxf2 Ne7c8
38.b5 Nc8d6
39.Qc4e6 Nd6c8
40.Nh4f5 Qb7b6
41.Qe6xb6 axb6
42.Nf5e3 Nc8d6
43.Ne3d5 Nd6c8
44.Ke3 Kg6
45.g3 Kf7
46.f4 exf4
47.gxf4 g6
48.h4 h5
49.Kd4 Ke6
50.a5 bxa5
51.b6 Nc8xb6
52.Nd5xb6  { time }
1-0

[Event "Match"]
[Site "www.echecsemail.com"]
[Date "2015.07.31"]
[Round "1"]
[White "Ericleo1980"]
[Black "Harrytheking"]
[WhiteElo "1809"]
[BlackElo "1770"]
[Result "1-0"]
[Round "1"]
1.e4 b6
2.d4 Bc8a6
3.c4 e6
4.a3 Ng8e7
5.Qd1a4 c6
6.Bc1g5 h6
7.Bg5h4 b5
8.cxb5 cxb5
9.Bf1xb5 Ba6xb5
10.Qa4xb5 a6
11.Qb5a4 Nb8c6
12.d5 exd5
13.exd5 Nc6e5
14.d6 Ne5d3
15.Ke2 Nd3xb2
16.Qa4c2 Qd8b6
17.dxe7 Bf8xe7
18.Bh4xe7 Qb6e6
19.Kf1 Qe6xe7
20.Qc2xb2 O-O
21.Ng1f3 Ra8b8
22.Qb2d2 Qe7f6
23.Nb1c3 Rf8c8
24.Ra1c1 Rc8d8
25.Qd2d4 Qf6g6
26.Nc3d5 Qg6e6
27.h3 Rb8b5
28.Nd5c7 Qe6b3
29.Nc7xb5 Qb3xb5
30.Kg1 d5
31.Kh2  { time }
1-0

[Event "Match"]
[Site "www.echecsemail.com"]
[Date "2015.07.31"]
[Round "1"]
[White "Gmscalpel"]
[Black "Gilliere"]
[WhiteElo "1809"]
[BlackElo "1790"]
[Result "1-0"]
[Round "1"]
1.e4 e5
2.Ng1f3 d6
3.d4 exd4
4.Nf3xd4 h6
5.Nb1c3 Ng8f6
6.Bf1b5 Bc8d7
7.Bb5xd7 Nb8xd7
8.f3 Bf8e7
9.O-O O-O
10.Nd4f5 Rf8e8
11.Bc1e3 b6
12.Qd1d2 Nd7c5
13.Ra1d1 Be7f8
14.b3 Kh7
15.a4 g5
16.h4 Nf6g8
17.hxg5 hxg5
18.Kf2 f6
19.Qd2d5 Re8e5
20.Qd5f7 Kh8
21.Rf1h1 Ng8h6
22.Nf5xh6 Nc5xe4
23.fxe4 { resign }
1-0

[Event "Match"]
[Site "www.echecsemail.com"]
[Date "2015.07.31"]
[Round "1"]
[White "Pare123"]
[Black "Ztornad"]
[WhiteElo "2030"]
[BlackElo "1800"]
[Result "1-0"]
[Round "1"]
1.c4 c5
2.Nb1c3 e6
3.e4 Nb8c6
4.Ng1f3 Ng8f6
5.d3 Bf8e7
6.Bf1e2 d5
7.cxd5 exd5
8.exd5 Nc6d4
9.Nf3xd4 cxd4
10.Qd1a4 Qd8d7
11.Qa4xd4 b5
12.a3 Bc8b7
13.Be2f3 Ra8c8
14.Qd4xa7 O-O
15.Qa7e3 Rc8e8
16.O-O Re8a8
17.Bc1d2 Nf6xd5
18.Nc3xd5 Bb7xd5
19.Bf3xd5 Qd7xd5
20.Qe3xe7 Qd5xd3
21.Bd2c3 Rf8e8
22.Qe7g5 f6
23.Bc3xf6 Ra8a7
24.Ra1d1 Qd3g6
25.Qg5xg6 hxg6
26.Bf6c3 Re8c8
27.Rf1e1 Ra7f7
28.f3 Rc8f8
29.Rd1d5 Rf7b7
30.Re1e5 Rf8b8
31.Re5g5 Rb7b6
32.Bc3d4 Rb6e6
33.Rd5xb5 Rb8e8
34.Rb5b7 Re6e1
35.Kf2 Re1e2
36.Kg3 Re8e7
37.Rb7xe7 Re2xe7
38.Rg5xg6 Kh7
39.Rg6g4 Re7e6
40.Rg4xg7 Kh6
41.Kf4 Re6e2
42.Kf5 Re2c2
43.h4 Rc2c6
44.g4 Rc6c5
45.Kf4 Rc5c4
46.g5 Kh5
47.Kf5 Kxh4
48.Bd4f2 Kh3
{ time. }
1-0

[Event "Match"]
[Site "www.echecsemail.com"]
[Date "2015.07.31"]
[Round "1"]
[White "Raulazo"]
[Black "Wagner"]
[WhiteElo "1980"]
[BlackElo "1670"]
[Result "1-0"]
[Round "1"]
1.e4 e5
2.Ng1f3 d6
3.Nb1c3 c6
4.Bf1c4 Ng8h6
5.Nf3g1 g5
6.d3 b5
7.Bc4b3 f5
8.Qd1h5 Nh6f7
9.Qh5xf7 { resign }
1-0

[Event "1/128 Finale"]
[Site "www.chess-mail.com"]
[Date "2015.07.31"]
[Round "1"]
[White "Traub"]
[Black "Ciappo"]
[WhiteElo "1750"]
[BlackElo "2510"]
[Result "0-1"]
[Round "1"]
1.e4 e6
2.d4 d5
3.Nb1d2 c5
4.dxc5 Bf8xc5
5.Nd2b3 Bc5b6
6.e5 Nb8c6
7.Ng1f3 Ng8e7
8.Bc1f4 Ne7g6
9.Bf4g3 O-O
10.Bf1d3 Bc8d7
11.O-O Ra8c8
12.Bd3xg6 fxg6
13.c3 h6
14.Qd1d3 Nc6e7
15.Nb3d4 Qd8e8
16.b4 a6
17.a4 Bd7xa4
18.Nd4xe6 Ba4b5
19.Qd3d2 Bb5xf1
20.Ne6xf8 Bf1xg2
21.Kxg2 Qe8xf8
22.Qd2d3 Qf8f5
23.Qd3d2 g5
24.Nf3d4 Bb6xd4
25.Qd2xd4 h5
26.h4 Rc8c4
27.Qd4d2 gxh4
28.Bg3h2 Qf5g4
29.Kh1 Qg4f3
30.Kg1 h3
 { time }
0-1

[Event "Tourn. n8309"]
[Site "www.chess-mail.com"]
[Date "2015.08.01"]
[Round "1"]
[White "Gatrooper"]
[Black "A27l"]
[WhiteElo "1200"]
[BlackElo "1130"]
[Result "1-0"]
[Round "1"]
1.d4 d5
2.h3 e6
3.a3 h6
4.e3 Ng8f6
5.Nb1c3 Bf8e7
6.Ng1f3 c6
7.Nf3e5 O-O
8.e4 Nb8d7
9.exd5 Nd7xe5
10.dxe5 Nf6xd5
11.Nc3xd5 cxd5
12.Qd1g4 Be7g5
13.h4 Bg5e7
14.Bc1xh6  { time }
1-0

[Event "Tourn. n8271"]
[Site "www.chess-mail.com"]
[Date "2015.08.01"]
[Round "1"]
[White "T9l9"]
[Black "Nimzo"]
[WhiteElo "2410"]
[BlackElo "2720"]
[Result "0-1"]
[Round "1"]
1.d4 Ng8f6
2.c4 e6
3.Ng1f3 b6
4.g3 Bc8a6
5.b3 Bf8b4
6.Bc1d2 Bb4e7
7.Bf1g2 c6
8.Bd2c3 d5
9.Nf3e5 Nf6d7
10.Ne5xd7 Nb8xd7
11.Nb1d2 O-O
12.O-O Ra8c8
13.Rf1e1 c5
14.dxc5 dxc4
15.Nd2xc4 Nd7xc5
16.Qd1c2 Nc5d7
17.Qc2b2 Ba6xc4
18.bxc4 Be7f6
19.Bc3xf6 Qd8xf6
20.Qb2xf6 Nd7xf6
 { time }
0-1

[Event "Tourn. n8240"]
[Site "www.chess-mail.com"]
[Date "2015.08.01"]
[Round "1"]
[White "Iko"]
[Black "A27l"]
[WhiteElo "1480"]
[BlackElo "1130"]
[Result "1-0"]
[Round "1"]
1.e4 e5
2.Ng1f3 d6
3.Nb1c3 c6
4.g3 Ng8f6
5.d4 Bf8e7
6.Bf1c4 exd4
7.e5 dxe5
8.Nf3xe5 O-O
9.Nc3e2 c5
10.Qd1d3 Bc8e6
11.Qd3f3 Nb8c6
12.Ne5xc6 bxc6
13.Bc4xe6 fxe6
14.Qf3xc6 Qd8c8
15.Qc6f3 Nf6d5
16.Qf3g4 Nd5f6
17.Qg4f3 Nf6d5
18.Qf3g4 e5
19.Qg4e4 Nd5f6
20.Qe4xe5 Rf8e8
21.O-O Be7f8
22.Qe5f4 Re8xe2
23.c4 Qc8h3
24.Qf4f3 Nf6g4
25.Qf3g2 Qh3xg2
26.Kxg2 Ng4f6
27.Bc1f4 Ra8e8
28.Kf3 Re2xb2
29.a4 Re8e2
30.Ra1b1 Rb2xb1
31.Rf1xb1 Re2e8
32.a5 a6
33.Rb1b6 Re8a8
34.h4  { time }
1-0

[Event "Tourn. n8324"]
[Site "www.chess-mail.com"]
[Date "2015.08.01"]
[Round "1"]
[White "Bojan"]
[Black "Mitja"]
[WhiteElo "1920"]
[BlackElo "1820"]
[Result "1-0"]
[Round "1"]
1.g3 d5
2.d4 e6
3.e3 c6
4.c4 dxc4
5.Bf1xc4 Ng8f6
6.f3 Nb8d7
7.a3 Nd7b6
8.Bc4d3 g6
9.Nb1c3 Nf6d5
10.Nc3xd5 Nb6xd5
11.e4 Nd5f6
12.Bd3c4 Bf8g7
13.Bc1g5 Qd8b6
14.Qd1d2 h6
15.Bg5f4 Bc8d7
16.Bf4e3 Qb6c7
17.Ng1e2 a6
18.e5 Nf6d5
19.Be3f2 f6
20.exf6 Bg7xf6
21.Ne2c3 Nd5xc3
22.bxc3 g5
23.O-O O-O-O
24.Ra1b1 e5
25.Rb1b3 exd4
26.cxd4 h5
27.Rf1b1 b5
28.Bc4e2 Bd7e6
29.Rb3b2 Rd8d7
30.Qd2c3 Rh8d8
31.Rb2d2 Qc7b6
32.Rb1d1 Qb6c7
33.a4 c5
34.axb5 axb5
35.Be2xb5 Rd7d6
36.Rd1a1 cxd4
37.Qc3d3 Kb8
38.Bb5a6 Be6c8
39.Rd2b2 Rd6b6
40.Rb2xb6 { resign }
1-0

[Event "Tourn. n8317"]
[Site "www.chess-mail.com"]
[Date "2015.08.01"]
[Round "1"]
[White "Caspito"]
[Black "Azorau"]
[WhiteElo "1690"]
[BlackElo "1910"]
[Result "1-0"]
[Round "1"]
1.e4 e5
2.Ng1f3 Nb8c6
3.Bf1c4 h6
4.c3 Bf8c5
5.d4 Bc5e7
6.O-O Ng8f6
7.dxe5 Nf6xe4
8.Qd1d5 O-O
9.Qd5xe4 Kh8
10.Bc4d3 d5
11.Qe4h7 
1-0

[Event "Match"]
[Site "www.echecsemail.com"]
[Date "2015.08.01"]
[Round "1"]
[White "Harrytheking"]
[Black "Dimos40"]
[WhiteElo "1770"]
[BlackElo "1499"]
[Result "0-1"]
[Round "1"]
1.c4 Ng8f6
2.Nb1c3 g6
3.h3 d5
4.b3 d4
5.Nc3a4 Bf8g7
6.d3 O-O
7.Ng1f3 c6
8.c5 b6
9.e3 bxc5
10.e4 Nb8a6
11.Bf1e2 Nf6d7
12.O-O Nd7b6
13.Na4xb6 axb6
14.a3 Na6c7
15.Bc1f4 Nc7e6
16.Bf4e5 Bg7xe5
 { time }
0-1

[Event "Match"]
[Site "www.echecsemail.com"]
[Date "2015.08.01"]
[Round "1"]
[White "Gegonz"]
[Black "Johndyson"]
[WhiteElo "1970"]
[BlackElo "2390"]
[Result "0-1"]
[Round "1"]
1.d4 d5
2.c4 c6
3.cxd5 cxd5
4.Nb1c3 Ng8f6
5.Ng1f3 Nb8c6
6.Bc1g5 Nf6e4
7.Bg5h4 h6
8.e3 g5
9.Bh4g3 h5
10.h3 Ne4xg3
11.fxg3 Qd8d6
12.Qd1d2 Bf8h6
13.Qd2c2 g4
14.Nf3h4 Bh6xe3
15.Bf1d3 Nc6xd4
{ resign }
0-1

[Event "Match"]
[Site "www.echecsemail.com"]
[Date "2015.08.01"]
[Round "1"]
[White "Harrytheking"]
[Black "Pablincho"]
[WhiteElo "1770"]
[BlackElo "1650"]
[Result "0-1"]
[Round "1"]
1.c4 c5
2.Nb1c3 Nb8c6
3.e3 e6
4.a3 d5
5.Ng1f3 d4
6.exd4 Bf8e7
7.dxc5 Be7xc5
8.Nc3e4 Bc5d4
9.d3 h6
10.Nf3xd4 Qd8xd4
11.Bf1e2 Ng8f6
12.O-O Nf6xe4
13.dxe4 Qd4xe4
14.Bc1e3 O-O
15.Be2f3 Qe4xc4
16.Ra1c1 Qc4b5
17.b4 e5
18.Bf3e2 Rf8d8
19.Qd1xd8 Nc6xd8
20.Be2xb5 Nd8e6
21.Rc1xc8 Ra8xc8
22.Be3xa7 Rc8a8
23.Ba7e3 Ra8xa3
24.Bb5d7 Ne6d4
25.h4 Nd4e2
26.Kh2 Ne2d4
27.b5 Ra3b3
28.Be3xd4 exd4
29.Rf1c1 d3
30.Bd7f5 g6
31.Bf5e4 d2
32.Rc1d1 Rb3b4
33.Be4xb7 Rb4xh4
34.Kg3 Rh4d4
35.Kf3 f5
36.Ke3 Rd4b4
37.Rd1xd2 Rb4xb5
38.Bb7d5 Kf8
39.Bd5c6 Rb5c5
 { time }
0-1

[Event "Match"]
[Site "www.echecsemail.com"]
[Date "2015.08.01"]
[Round "1"]
[White "Harrytheking"]
[Black "Azorau"]
[WhiteElo "1770"]
[BlackElo "1529"]
[Result "0-1"]
[Round "1"]
1.c4 e5
2.e4 Bf8c5
3.Ng1h3 d6
4.a3 Bc8xh3
5.gxh3 Ng8f6
6.d3 Nf6d7
7.b4 Bc5d4
8.Ra1a2 Qd8f6
9.Bf1g2 Nd7b6
10.O-O Nb8d7
11.Nb1d2 c5
12.b5 a6
13.Nd2b3 Nb6a4
14.Nb3xd4 Na4c3
15.Qd1b3 exd4
16.Ra2b2 O-O
17.f4 a5
18.e5 Qf6g6
19.f5 a4
20.Qb3c2 Qg6h5
21.exd6 b6
22.Bg2xa8 Rf8xa8
23.Bc1f4 Ra8e8
24.Qc2g2 Nd7f6
25.Bf4g3 Re8d8
26.Rb2f2 Rd8e8
27.Qg2f3 Qh5xh3
28.Bg3f4 Qh3xf5
29.Qf3c6 h6
30.Bf4g3 Qf5xd3
31.Rf2f3 Nc3e2
32.Kg2 Qd3d2
33.Rf3f2 h5
34.d7 Re8d8
35.Bg3c7 Qd2g5
36.Kh1 Rd8xd7
37.Bc7xb6 Rd7e7
38.Bb6xc5 Re7e6
39.Qc6c8 Re6e8
40.Qc8a6 Re8e6
41.Qa6xa4 d3
42.Qa4a8 Re6e8
43.Qa8c6 Re8e6
44.Qc6c8 Re6e8
45.Qc8c6 Re8e6
46.Qc6g2 Qg5xc5
47.Rf2xf6 Re6xf6
48.Qg2a8 Kh7
49.Qa8e4 g6
50.Rf1e1 d2
51.Re1d1 Rf6e6
52.Qe4f3 f5
53.Qf3b7 Re6e7
54.Qb7f3 Ne2d4
55.Qf3d3 Re7e4
56.Rd1xd2 Re4e1
57.Kg2 Re1e4
58.a4 Re4g4
59.Kf1 Qc5e5
60.Rd2f2 Qe5f6
61.h3 Rg4h4
62.Kg2 Qf6g5
63.Kh2 Nd4e6
64.Qd3d7 Ne6g7
65.b6 Qg5e3
66.Kg1 Rh4xh3
67.b7 Rh3f3
68.Qd7d2 Rf3g3
69.Kf1 Qe3b6
70.Rf2g2 Qb6b1
71.Kf2 Rg3xg2
72.Kxg2 Qb1xb7
73.Kf1 Qb7f3
74.Qd2f2 Qf3d3
75.Qf2e2 Qd3a3
76.Qe2c2 Ng7e6
77.Kf2 Ne6d4
78.Qc2d2 Qa3f3
79.Ke1 Qf3h1
80.Kf2 Qh1h2
 { time }
0-1

[Event "Match"]
[Site "www.echecsemail.com"]
[Date "2015.08.01"]
[Round "1"]
[White "Irene"]
[Black "Gambitmiau"]
[WhiteElo "1990"]
[BlackElo "1860"]
[Result "1-0"]
[Round "1"]
1.d4 d5
2.Nb1c3 Bc8f5
3.e3 Nb8c6
4.Ng1f3 Nc6b4
5.Bf1d3 Bf5xd3
6.cxd3 e6
7.a3 Nb4c6
8.Qd1a4 a6
9.Nf3e5 b5
10.Ne5xc6 Qd8d6
11.Nc3xb5 Qd6d7
12.Nb5xc7 Qd7xc7
13.Bc1d2 Qc7d7
14.Ra1c1 Ng8e7
15.Bd2b4 Ne7xc6
16.Bb4xf8 Rh8xf8
17.Qa4xc6 Qd7xc6
18.Rc1xc6 f6
19.Kd2 Kf7
20.Rh1c1 a5
21.h4 Rf8e8
22.Rc6c7 Re8e7
23.Rc7xe7 Kxe7
24.Rc1c7 Kf8
25.f4 h6
26.Ke2 a4
27.Kf3 Ra8b8
28.Rc7c2 Rb8b3
29.Rc2d2 Kf7
30.Kg4 g6
31.h5 f5
32.Kh4 Kf6
33.hxg6 Kxg6
34.g3 Rb3b7
35.Rd2c2 Rb7b3
36.Rc2d2 h5
37.Kh3 Rb3b7
38.Rd2c2 Rb7b3
39.Kg2 Rb3xd3
40.Kf2 Rd3b3
41.Rc2e2 Rb3b7
42.Re2c2 Rb7b3
43.Rc2e2 Rb3d3
44.Ke1 h4
45.gxh4 Kh5
46.Kf2 Kxh4
47.Kf3 Rd3b3
48.Re2h2 { resign }
1-0

[Event "Match"]
[Site "www.echecsemail.com"]
[Date "2015.08.01"]
[Round "1"]
[White "Billyg"]
[Black "Culiflori"]
[WhiteElo "1590"]
[BlackElo "1910"]
[Result "1-0"]
[Round "1"]
1.e4 e5
2.Ng1f3 Nb8c6
3.c3 Ng8f6
4.d4 exd4
5.cxd4 d6
6.d5 Nc6e5
7.Nb1c3 Bc8g4
8.Bf1e2 Ne5xf3
9.gxf3 Bg4h5
10.Qd1a4 Qd8d7
11.Be2b5 c6
12.dxc6 Qd7c7
13.cxb7 { resign }
1-0

[Event "Fast Game"]
[Site "www.echecsemail.com"]
[Date "2015.08.01"]
[Round "1"]
[White "Mitja"]
[Black "Jhw"]
[WhiteElo "1680"]
[BlackElo "1599"]
[Result "0-1"]
[Round "1"]
1.d4 c5
2.dxc5 Qd8a5
3.c3 Qa5xc5
4.e3 d5
5.h3 Bc8f5
6.Ng1f3 g6
7.Bf1d3 Bf5xd3
8.Qd1xd3 Nb8c6
9.Nb1d2 Bf8g7
10.Nd2b3 Qc5d6
11.Nf3d4 Ng8f6
12.Nd4xc6 bxc6
13.Nb3d4 e5
14.Nd4b3 O-O
15.O-O e4
16.Qd3e2 a5
17.Nb3d4 Rf8b8
18.Ra1b1 Qd6d7
19.a3 c5
20.Nd4c2 Nf6e8
21.Rf1d1 Ne8c7
22.f3 f5
23.Bc1d2 Qd7a4
24.fxe4 Qa4xc2
{ resign }
0-1

[Event "Tourn. n8294"]
[Site "www.chess-mail.com"]
[Date "2015.08.02"]
[Round "1"]
[White "Gatrooper"]
[Black "Hansen"]
[WhiteElo "1200"]
[BlackElo "1390"]
[Result "0-1"]
[Round "1"]
1.e4 d5
2.e5 a6
3.h3 Nb8c6
4.Ng1f3 g5
5.Nf3xg5 Nc6xe5
6.Qd1e2 f6
7.Ng5f3 Bf8g7
8.Nf3xe5 fxe5
9.d3 d4
10.a3 a5
11.Bc1d2 Ra8a6
12.Qe2f3 Ra6f6
13.Qf3g3 Rf6f7
14.Bd2g5 Qd8d6
15.Bf1e2 h6
16.Bg5d2 Ng8f6
17.Bd2xa5 b6
18.Ba5b4 c5
19.Bb4d2 Nf6d5
20.Be2h5 Bc8e6
21.Bh5xf7 Be6xf7
22.Qg3xg7 Rh8g8
23.Qg7xh6 Nd5f4
24.Qh6h7 Nf4xg2
25.Kd1 Qd6f6
26.Bd2e1 Qf6f3
27.Kc1 Ng2xe1
28.Rh1xe1 Qf3xf2
29.Qh7e4 Rg8g2
30.Qe4e2 Qf2f4
31.Nb1d2 Rg2xe2
32.Re1xe2 c4
33.dxc4 Bf7xc4
34.Re2e1 d3
35.c3 Bc4b3
36.Re1f1 Qf4e3
37.a4 Bb3c2
38.b4 Qe3e2
39.Rf1g1 e4
40.Rg1g8 Kd7
41.Nd2c4 Kc6
42.Nc4e5 Kc7
43.Kb2 Bc2xa4
44.Ka3 Qe2c2
45.Ra1b1 d2
46.Rg8g1 b5
47.Rb1b2 Qc2xc3
48.Ka2 Qc3xe5
49.Rb2xd2 Qe5e6
50.Ka1 Qe6xh3
51.Rg1c1 Kb7
52.Rd2e2 Qh3h8
53.Kb1 Qh8h7
54.Rc1e1 e3
55.Ka1 Qh7d3
56.Re2xe3 Qd3d4
57.Kb1 Qd4xb4
58.Ka1 e5
59.Re3xe5 Qb4c3
60.Kb1 Ba4c2
61.Kc1 Bc2d3
62.Kd1 Qc3c2
{ resign }
0-1

[Event "Tourn. n8309"]
[Site "www.chess-mail.com"]
[Date "2015.08.02"]
[Round "1"]
[White "A27l"]
[Black "Culiflori"]
[WhiteElo "1130"]
[BlackElo "999"]
[Result "0-1"]
[Round "1"]
1.e4 e5
2.d3 Ng8f6
3.Ng1f3 Nb8c6
4.Bf1e2 Bf8e7
5.O-O d6
6.h3 O-O
7.Nf3h2 Rf8e8
8.Be2g4 Nf6xg4
9.Nh2xg4 Be7f8
10.Ng4h2 d5
11.exd5 Qd8xd5
12.Nb1c3 Qd5d8
13.Bc1e3 Qd8e7
14.Nc3e4 b6
 { time }
0-1

[Event "Tourn. n8259"]
[Site "www.chess-mail.com"]
[Date "2015.08.02"]
[Round "1"]
[White "A27l"]
[Black "Iko"]
[WhiteElo "1130"]
[BlackElo "1480"]
[Result "0-1"]
[Round "1"]
1.d4 d5
2.e3 f5
3.Ng1f3 Nb8c6
4.Bf1e2 Ng8h6
5.O-O Bc8e6
6.g3 g5
7.Nf3e5 Nc6xe5
8.dxe5 Bf8g7
9.Be2h5 Nh6f7
10.Bh5xf7 Be6xf7
11.Nb1d2 Bg7xe5
12.f3 d4
13.exd4 Qd8xd4
14.Kg2 Bf7h5
15.Nd2b3 Qd4d6
16.Qd1xd6 cxd6
17.Bc1xg5 Be5xb2
18.Ra1b1 Bb2a3
19.Bg5c1 Ba3xc1
20.Rb1xc1 Ra8c8
21.h3 Rc8c3
22.g4 fxg4
23.fxg4 Bh5g6
24.Rf1e1 Bg6xc2
25.Re1e2 Bc2d3
26.Re2xe7 Kxe7
27.Rc1xc3 Bd3e4
28.Kf2 Rh8f8
29.Kg3 Be4d5
30.Rc3e3 Kd7
 { time }
0-1

[Event "Tourn. n8298"]
[Site "www.chess-mail.com"]
[Date "2015.08.02"]
[Round "1"]
[White "Guidom"]
[Black "Libiesse"]
[WhiteElo "2070"]
[BlackElo "2020"]
[Result "1/2-1/2"]
[Round "1"]
1.e4 c5
2.Ng1f3 e6
3.c4 Nb8c6
4.Nb1c3 Ng8e7
5.Bf1e2 Nc6d4
6.O-O Ne7c6
7.d3 g6
8.Bc1e3 Bf8g7
9.Be3xd4 Nc6xd4
10.Nf3xd4 Bg7xd4
11.Qd1c2 O-O
12.Nc3b5 Bd4g7
13.f4 Qd8b6
14.e5 f6
15.exf6 Bg7xf6
16.g3 a6
17.Nb5c3 d6
18.Ra1b1 Bc8d7
19.a3 Ra8b8
20.Rf1f2 Bf6d4
21.Be2f3 Bd4xf2
22.Kxf2 Bd7c6
23.Bf3xc6 Qb6xc6
24.b4 b6
25.b5 axb5
26.Nc3xb5 g5
27.Rb1e1 Rb8e8
28.Qc2e2 Qc6d7
29.Qe2h5 gxf4
30.g4 Re8e7
31.h3 Re7g7
32.Re1e4 d5
33.Re4e2 dxc4
34.dxc4 Qd7e7
35.h4 Rg7g6
36.g5 e5
37.Qh5f3 Rg6e6
38.Re2e4 Qe7d7
{ draw }
1/2-1/2

[Event "Tourn. n8300"]
[Site "www.chess-mail.com"]
[Date "2015.08.02"]
[Round "1"]
[White "A27l"]
[Black "Iko"]
[WhiteElo "1130"]
[BlackElo "1480"]
[Result "0-1"]
[Round "1"]
1.e4 e5
2.d3 Nb8c6
3.Ng1f3 d6
4.h3 g5
5.Nf3h2 h6
6.g4 Bc8e6
7.f3 Nc6d4
8.c3 Nd4c6
9.Bf1g2 Ng8f6
10.Bc1e3 d5
11.exd5 Nf6xd5
12.Be3f2 Rh8g8
13.O-O Qd8f6
14.Nb1d2 Bf8d6
15.Nd2e4 Qf6f4
16.Qd1d2 Qf4xd2
 { time }
0-1

[Event "Tourn. n8323"]
[Site "www.chess-mail.com"]
[Date "2015.08.02"]
[Round "1"]
[White "Bojan"]
[Black "Mitja"]
[WhiteElo "1890"]
[BlackElo "1660"]
[Result "1-0"]
[Round "1"]
1.e4 d5
2.exd5 Qd8xd5
3.Nb1c3 Qd5d8
4.Ng1f3 e6
5.Nf3e5 Nb8d7
6.Bf1b5 c6
7.Ne5xd7 Qd8xd7
8.Bb5e2 b6
9.Be2f3 Bc8b7
10.d3 h6
11.a3 Ng8f6
12.Bc1f4 Bf8d6
13.Bf4e3 Bd6c7
14.Nc3e4 Nf6xe4
15.Bf3xe4 Ra8b8
16.Qd1f3 Qd7d6
17.c3 f5
18.Qf3h5 Kf8
19.Be4f3 c5
20.d4 cxd4
21.Be3xd4 Rh8g8
22.Ra1d1 Qd6e7
23.O-O Bb7xf3
24.Qh5xf3 g5
25.Rf1e1 Qe7f7
26.Qf3c6 Rb8e8
27.c4 Rg8g6
28.Bd4c3 e5
29.Qc6b5 Rg6e6
30.c5 f4
31.cxb6 Bc7xb6
32.Rd1d7 Qf7f6
33.a4 Re8b8
34.Kf1 Rb8d8
35.Rd7b7 Qf6f5
36.a5 Bb6d4
37.Re1d1 Qf5e4
38.Rb7d7 Rd8xd7
39.Qb5xd7 Qe4c6
40.Qd7xc6 Re6xc6
41.Bc3xd4 exd4
42.Rd1xd4 Rc6c1
43.Ke2 Rc1c2
44.Rd4d2 Rc2c5
45.b4 Rc5b5
46.Rd2b2 a6
47.Kf3 Kf7
48.g3 fxg3
49.hxg3 Kf6
50.Kg4 Rb5e5
51.f4 Re5e4
52.b5 axb5
53.Rb2xb5 Re4a4
54.Rb5b6 Kg7
55.a6 gxf4
56.gxf4 { resign }
1-0

[Event "Tourn. n8321"]
[Site "www.chess-mail.com"]
[Date "2015.08.02"]
[Round "1"]
[White "Umzi"]
[Black "Xkafi"]
[WhiteElo "2190"]
[BlackElo "2010"]
[Result "0-1"]
[Round "1"]
1.e4 e5
2.Ng1f3 Qd8f6
3.Nb1c3 c6
4.Bf1c4 Bf8c5
5.O-O d6
6.d3 h6
7.h3 Ng8e7
8.a3 Qf6g6
9.Kh2 Qg6f6
10.b4 Bc5b6
11.Bc1b2 g5
12.Nf3d2 h5
13.f3 Ne7g6
14.Nc3a4 Bb6e3
15.Qd1e2 Qf6f4
16.g3 Qf4xg3
17.Kxg3 h4
18.Kg2 Ng6f4
19.Kh2 Nf4xe2
20.Rf1e1 Be3f4
21.Kg2 Ne2d4
22.Bb2xd4 Bf4xd2
23.Re1d1 exd4
24.Rd1xd2 b5
25.Bc4b3 bxa4
26.Bb3xa4 Bc8d7
27.Ba4b3 Nb8a6
28.Rd2e2 Na6c7
29.e5 d5
30.a4 Nc7e6
{ resign }
0-1

[Event "Fast Game"]
[Site "www.echecsemail.com"]
[Date "2015.08.02"]
[Round "1"]
[White "Jhw"]
[Black "Aggiesam"]
[WhiteElo "1599"]
[BlackElo "1439"]
[Result "1-0"]
[Round "1"]
1.e4 e5
2.Ng1f3 Ng8f6
3.Qd1e2 Nb8c6
4.c3 Bf8c5
5.b4 Bc5xf2
6.Qe2xf2 Nf6xe4
7.Qf2e3 d5
8.d3 Qd8f6
9.dxe4 dxe4
10.Qe3xe4 Bc8f5
11.Qe4c4 O-O
12.Bc1g5 Qf6d6
13.Nb1a3 a5
14.Ra1d1 Nc6d4
15.cxd4 exd4
16.Nf3xd4 Rf8e8
17.Nd4e2 Qd6xb4
18.Qc4xb4 axb4
19.Na3b5 Ra8xa2
20.Nb5xc7 Re8f8
21.Ne2d4 h6
22.Bg5e7 Bf5c2
23.Nd4xc2 Ra2xc2
24.Be7xf8 Kxf8
25.Nc7b5 b3
26.Bf1d3 { resign }
1-0

[Event "Tourn. n8285"]
[Site "www.chess-mail.com"]
[Date "2015.08.03"]
[Round "1"]
[White "Cheminet"]
[Black "Iko"]
[WhiteElo "1420"]
[BlackElo "1480"]
[Result "1-0"]
[Round "1"]
1.e4 e5
2.Ng1f3 Nb8c6
3.Bf1c4 d6
4.d4 Bc8g4
5.Bc1e3 Ng8f6
6.Nb1c3 Bg4xf3
7.gxf3 Nf6h5
8.Qd1d2 Qd8f6
9.Nc3d5 Qf6d8
10.Rh1g1 Nh5f6
11.O-O-O a6
12.Nd5xf6 Qd8xf6
13.Be3g5 Qf6xf3
14.d5 Nc6d4
15.Rd1e1 Bf8e7
16.Bg5xe7 Kxe7
17.c3 Qf3h3
18.cxd4 exd4
19.f4 h5
20.e5 b5
21.exd6 Kxd6
22.Bc4f1 Qh3f3
23.Qd2xd4 c5
24.Qd4e5 Kd7
25.Qe5e7 Kc8
26.Qe7xf7 Qf3f2
27.Bf1h3 Kb8
28.d6 Qf2xh2
29.Qf7c7 
1-0